00506 2200193 4500001002100000005001500021035002000036245005500056100002800111300002600139260003200165082001000197084001600207020002200223600001600245990001700261990001700278990001700295INLIS00000000000149620260604083238 a0010-06260000071 aJuara Bicara Bahasa Arab /cIbnu Rusydiyana Maswan0 aMaswan, Ibnu Rusydiyana a180 hlm ;c14 X 21 cm aYogyakarta :bAraska,c2025 a492.7 a492.7 MAS j a978-623-6335-83-3 4aBahasa Arab a4867/PP/2026 a4868/PP/2026 a4869/PP/2026